Hernani. marion de oorme. /

Guardado en:
Autor Principal: Hugo, Victor
Formato: Libro
Publicado: Paris : Nelson, 1931
Materias:
Etiquetas: Agregar Etiqueta
Sin Etiquetas, Sea el primero en etiquetar este registro!
LEADER 00456nam a22001575a 4500
001 EHU.bham017331
003 AR-BHAM
005 20100623030701.0
008 130507s1931##################000#0#####d
082 8 4 |a 842.8 
100 1 |a Hugo, Victor 
245 1 0 |a Hernani. marion de oorme. /  |c Victor Hugo 
260 |a Paris :  |b Nelson,  |c 1931 
300 |a 383 p. 
653 |a Teatro frances-1849-1900 
859 |a AR-BHAM  |b BIB. HUMANIDADES - Arturo Marasso  |h 842.8  |i H875  |p 2062.57  |t Ej.1  |v M